[Event "GRE-chT Online Rapid op 1st"]
[Site "Tornelo INT"]
[Date "2021.02.21"]
[Round "7.16"]
[White "Nikolaidou, Maria"]
[Black "Boufidis, Konstantinos"]
[Result "1/2-1/2"]
[WhiteElo "1295"]
[BlackElo "1030"]
[PlyCount "26"]
[EventDate "2021.02.20"]
[EventType "team-swiss (rapid)"]
[EventRounds "9"]
[EventCountry "GRE"]
[SourceTitle "EXT 2023"]
[Source "ChessBase"]
[SourceDate "2022.10.05"]
[SourceVersion "1"]
[SourceVersionDate "2022.10.05"]
[SourceQuality "1"]

1. d4 Nf6 2. Nf3 g6 3. Bf4 Bg7 4. Nbd2 d5 5. e3 Bf5 6. h3 h5 7. Be2 0-0 8. 0-0 Nbd7 9. c4 c6 10. Nh4 Be6 11. Nhf3 Bf5 12. Nh4 Be6 13. Nhf3 Bf5 1/2-1/2